| 000 | 01510nam a2200373Ia 4500 | ||
|---|---|---|---|
| 001 | ebr10112075 | ||
| 003 | CaPaEBR | ||
| 006 | m u | ||
| 007 | cr cn||||||||| | ||
| 008 | 050131s2004 ncua sb 001 0 eng d | ||
| 010 | _z 2005271189 | ||
| 020 | _z073849769X | ||
| 040 |
_aCaPaEBR _cCaPaEBR |
||
| 035 | _a(OCoLC)61397215 | ||
| 050 | 1 | 4 |
_aHF5548.2 _b.W3873 2004eb |
| 245 | 0 | 0 |
_aWebSphere Business Integration Pub/Sub solutions _h[electronic resource] / _c[Saida Davies ... et al.]. |
| 250 | _a1st ed. | ||
| 260 |
_aResearch Triangle Park, NC : _bIBM, International Support Organization, _cc2004. |
||
| 300 |
_axiv, 244 p. : _bill. |
||
| 490 | 1 | _aIBM redbooks | |
| 500 | _aAt head of title: International Technical Support Organization. | ||
| 500 | _a"SG24-6088-00." | ||
| 504 | _aIncludes bibliographical references and index. | ||
| 533 |
_aElectronic reproduction. _bPalo Alto, Calif. : _cebrary, _d2009. _nAvailable via World Wide Web. _nAccess may be limited to ebrary affiliated libraries. |
||
| 630 | 0 | 0 | _aWebSphere. |
| 650 | 0 |
_aBusiness enterprises _xComputer networks. |
|
| 650 | 0 | _aBusiness networks. | |
| 655 | 7 |
_aElectronic books. _2local |
|
| 700 | 1 | _aDavies, Saida. | |
| 710 | 2 |
_aInternational Business Machines Corporation. _bInternational Technical Support Organization. |
|
| 710 | 2 | _aebrary, Inc. | |
| 830 | 0 | _aIBM redbooks. | |
| 856 | 4 | 0 |
_uhttp://site.ebrary.com/lib/rucke/Doc?id=10112075 _zAn electronic book accessible through the World Wide Web; click to view |
| 999 |
_c210573 _d210573 |
||